00554nam a2200181 a 4500001001300000003000900013005001700022008004100039020001000080082001300090100002900103245009400132260004600226300001000272500003500282650002600317700002900343nice12345678IN_TiNIC20260116011607.0050101s2013 hyda grp 000 0 eng  ac40000a201bKAI aKairanavi, M Rahmatullah aCritical Analysis of Christianityb A Case Study of Maulana Muhammad Rahmatullah Karanavi aHyderabad bHuda Book Distributors c2013 a272p  aincludes index and biblioraphy aChristianity-Polemics1 aKairanavi, M Rahmatullah